| 000 | 00435nam a2200145Ia 4500 | ||
|---|---|---|---|
| 005 | 20250422024417.0 | ||
| 008 | 240331s9999 xx 000 0 und d | ||
| 082 |
_bHAR _a215 |
||
| 100 | _aHarris,M | ||
| 245 | 0 |
_aPasukal,panrikal,porkal,suniyakarikal akiya kalasara puthirkal : _bPart I |
|
| 260 |
_aChennai _bAnyIndian Pathippagam _c2005 |
||
| 300 | _a152 p ( P - II) | ||
| 500 | _aCollection of Essays on Various topics | ||
| 942 | _cL | ||
| 999 |
_c4401 _d4401 |
||